01038nas a2200229 a 450000100070000000500170000700700030002400800470002701100150007404000250008904100080011424502610012226400870038330000690047033600270053933700350056633800300060136200160063150000220064765001120066971000270078138521720250611114834.0ta250428e2015 dr p|ro || ||spa ||spa|  a2015  aDO-SdBNPcBNPHUerda hspa aSer justo es lo primero... bla crisis de los trabajadores dominicanos bajo el actual modelo económico y los desafíos de una reforma al código de trabajo para más justicia y prosperidad: Informe de análisis y propuestas /cFundación Juan Bosch. aSanto Domingo, República Dominicana :bEdiciones Fundación Juan Bosch,c2015.  avolumen : bilustraciones, fotografías, gráficas ; c28 cm. atextobtxt2rdacontent asin mediación bn 2rdamedia avolumen bnc 2rdacarrier aAño 2015. aDonación, 2015. aTrabajadoresxCódigo de trabajoxAspectos económicosvPublicación periódicas zRepública Dominica2 aFundación Juan Bosch